| 000 | 01335cam a2200325 a 4500 | ||
|---|---|---|---|
| 001 | 2722 | ||
| 005 | 20240111101425.0 | ||
| 020 | _a9780545496612 | ||
| 040 |
_aDLC _cDLC _dBAKER _dBTCTA _dOCLCG _dCD5 _dIK2 _dOEL _dUKM _dDLC _beng |
||
| 050 | 0 | 0 |
_aPZ7.R1744 _b2009 |
| 082 | 0 | 0 | _a813.6 |
| 100 | 1 |
_aRansom, Jeanie Franz _d1957- |
|
| 245 | 1 | 0 |
_aWhat really happened to Humpty? : _bfrom the files of a hard-boiled detective _cby Joe Humpty as told to Jeanie Franz Ransom ; illustrated by Stephen Axelsen. |
| 250 | _aPrinted in the U.S.A | ||
| 260 |
_aNew York : _bScholastic ; _c2009 |
||
| 300 |
_a30 unnumbered pages : _ccolor illustrations ; _c29 cm. |
||
| 505 | _aO | ||
| 520 | _aDetective Joe Dumpty rushes to investigate the mysterious circumstances under which his older brother, Humpty, fell from a wall on his first day as captain of the new Neighborhood Watch program. | ||
| 521 |
_a620
_bLexule |
||
| 521 |
_aO
_bRaz-Plus |
||
| 650 | 0 |
_aCharacters in literature _vJuvenile fiction. |
|
| 650 | 0 | _aDetective and mystery stories. | |
| 650 | 1 |
_aCharacters in literature _vFiction. |
|
| 650 | 1 | _aMystery and detective stories. | |
| 650 | 1 | _aHumorous stories. | |
| 655 | 0 | _aHumorous stories. | |
| 700 | 1 |
_aAxelsen, Stephen _eillustrator |
|
| 906 |
_a7 _bcbc _corignew _d1 _eecip _f20 _gy-gencatlg |
||
| 942 |
_2ddc _cBK _n0 |
||
| 999 |
_c2722 _d2722 |
||